000 01176nam2a22002531 4500
001 RU\NLR\INFOCOMM15\1000137192
005 20250617121651.0
035 _a(NLR Aleph) 002595692
090 _a3398891
_c3398891
100 _a20040616d1928 |||y0rusy50 ca
101 0 _arus
102 _aRU
105 _ay |||||||||
200 1 _aКраткий очерк распространения рыб в Пензенской губернии
_fА.Н. Магницкий
210 _d1928
_aБ. м.
461 0 _1001RU\NLR\INFOCOMM15\1000137181
_12001#$aТруды Пензенского общества любителей естествознания и краеведения$vВып.12
_93398805
_aПензенское общество любителей естествознания и краеведения
_cПенза
_d1913-1928
_tТруды Пензенского общества любителей естествознания и краеведения
_vВып.12
700 1 _aМагницкий
_bА.Н.
_4070
801 1 _aRU
_bInfoComm
_c20040616
801 0 _aRU
_bNLR
_gPSBO
852 _aNLR
_j68/397
942 _cISSUE
980 _aNB
980 _aRUSPER